[Event "Steyr Landesliga 2122"]
[Site "Austria"]
[Date "2021.11.13"]
[Round "2.8"]
[White "Welzel, Maximilian"]
[Black "Lemsitzer, Simon"]
[Result "0-1"]
[WhiteElo "1478"]
[BlackElo "1755"]
[PlyCount "52"]
[EventDate "2021.10.16"]
[EventType "team-tourn"]
[EventRounds "11"]
[EventCountry "AUT"]
[SourceTitle "EXT 2023"]
[Source "ChessBase"]
[SourceDate "2022.10.05"]
[SourceVersion "1"]
[SourceVersionDate "2022.10.05"]
[SourceQuality "1"]
[WhiteTeam "Leoben"]
[BlackTeam "Gratwein Strassengel"]
[WhiteTeamCountry "AUT"]
[BlackTeamCountry "AUT"]

1. e4 c5 2. b3 d6 3. Bb2 Nc6 4. Nf3 Bg4 5. Be2 e6 6. d4 cxd4 7. Nxd4 Bxe2 8. Qxe2 Nf6 9. Nd2 Be7 10. 0-0 0-0 11. Rad1 Nxd4 12. Bxd4 Qc7 13. Nc4 Rfd8 14. Bb2 d5 15. e5 Nd7 16. Ne3 Bc5 17. c4 Bxe3 18. Qxe3 dxc4 19. Rc1 b5 20. Qd4 Nb6 21. Qe3 Nd5 22. Qe1 Rac8 23. Bc3 Nxc3 24. Qxc3 Rd5 25. Rfe1 Qc5 26. Re4 cxb3 0-1

[Event "AUT-ch U14"]
[Site "St Veit"]
[Date "2017.06.06"]
[Round "7.6"]
[White "Loreth, Thomas"]
[Black "Lemsitzer, Simon"]
[Result "0-1"]
[WhiteElo "1384"]
[BlackElo "1713"]
[PlyCount "56"]
[EventDate "2017.06.03"]
[EventType "swiss"]
[EventRounds "7"]
[EventCountry "AUT"]
[SourceTitle "EXT 2024"]
[Source "ChessBase"]
[SourceDate "2023.10.10"]
[SourceVersion "1"]
[SourceVersionDate "2023.10.10"]
[SourceQuality "1"]

1. e4 c5 2. Nc3 d6 3. f4 g6 4. Nf3 Bg7 5. Bb5+ Bd7 6. Bxd7+ Qxd7 7. d3 e6 8. 0-0 Ne7 9. Qe1 Nbc6 10. Bd2 0-0 11. Qh4 Nd4 12. Rac1 b5 13. Ng5 h6 14. Nh3 b4 15. f5 exf5 16. Bxh6 bxc3 17. Ng5 f6 18. Bxg7 fxg5 19. Qh8+ Kf7 20. Qh7 Ne2+ 21. Kf2 Nxc1 22. Bxf8+ Kxf8 23. Qh8+ Ng8 24. Rxc1 Qg7 25. Qh4 cxb2 26. Rb1 Qd4+ 27. Kf1 fxe4 28. Ke1 Qg1+ 0-1

[Event "AUT-ch U12"]
[Site "St Veit"]
[Date "2016.05.14"]
[Round "1"]
[White "Pernerstorfer, Moritz"]
[Black "Lemsitzer, Simon"]
[Result "0-1"]
[WhiteElo "1262"]
[BlackElo "1581"]
[PlyCount "62"]
[EventDate "2016.05.14"]
[EventType "swiss"]
[EventRounds "7"]
[EventCountry "AUT"]
[SourceTitle "CBM 172 Extra"]
[Source "ChessBase"]
[SourceDate "2016.06.21"]
[SourceVersion "1"]
[SourceVersionDate "2016.06.21"]
[SourceQuality "1"]

1. e4 e5 2. Nf3 Nc6 3. Bc4 Nf6 4. d3 Be7 5. Nc3 d6 6. Be3 Bg4 7. h3 Bh5 8. g4 Bg6 9. Qe2 a6 10. Nd5 Na5 11. Nxf6+ Bxf6 12. Bd2 Nxc4 13. dxc4 Qd7 14. 0-0-0 Qc6 15. Rde1 h6 16. h4 b5 17. cxb5 axb5 18. Kb1 Ra4 19. Qd1 Bxe4 20. Rh3 Rc4 21. Bc3 Bxf3 22. Rxf3 b4 23. Bd2 Bxh4 24. c3 bxc3 25. Bxc3 Bf6 26. Rfe3 0-0 27. f3 Rb8 28. Qd2 Bg5 29. Qd3 Bxe3 30. Rxe3 f6 31. Kc2 d5 0-1

[Event "AUT-ch U10"]
[Site "Velden"]
[Date "2014.06.22"]
[Round "7"]
[White "Lemsitzer, Simon"]
[Black "Morgunov, Marc"]
[Result "0-1"]
[WhiteElo "1219"]
[BlackElo "1568"]
[PlyCount "68"]
[EventDate "2014.06.20"]
[EventType "swiss"]
[EventRounds "7"]
[EventCountry "AUT"]
[SourceTitle "EXT 2016"]
[Source "ChessBase"]
[SourceDate "2015.10.08"]
[SourceVersion "1"]
[SourceVersionDate "2015.10.08"]
[SourceQuality "1"]

1. e4 c5 2. Nf3 Nc6 3. d4 cxd4 4. Nxd4 e5 5. Nb5 d6 6. N1c3 a6 7. Na3 b5 8. Nd5 Nge7 9. c3 Nxd5 10. Qxd5 Bb7 11. f3 Qd7 12. Qd1 Be7 13. Be2 Bh4+ 14. Kf1 0-0 15. Be3 Ne7 16. Bf2 Bxf2 17. Kxf2 Rad8 18. c4 b4 19. Nc2 a5 20. b3 f5 21. exf5 Qxf5 22. Ne3 Qf7 23. Bd3 e4 24. Be2 Ng6 25. Nd5 Ne5 26. Rf1 exf3 27. Bxf3 Nxf3 28. gxf3 Qh5 29. Kg1 Kh8 30. Rc1 Rf5 31. Rc2 Bxd5 32. cxd5 Rxd5 33. Rd2 Qg5+ 34. Rg2 Qe3+ 0-1

[Event "AUT-ch U10"]
[Site "Velden"]
[Date "2014.06.21"]
[Round "6"]
[White "Guskic, Andrija"]
[Black "Lemsitzer, Simon"]
[Result "1-0"]
[WhiteElo "1356"]
[BlackElo "1219"]
[PlyCount "133"]
[EventDate "2014.06.20"]
[EventType "swiss"]
[EventRounds "7"]
[EventCountry "AUT"]
[SourceTitle "EXT 2016"]
[Source "ChessBase"]
[SourceDate "2015.10.08"]
[SourceVersion "1"]
[SourceVersionDate "2015.10.08"]
[SourceQuality "1"]

1. e4 e5 2. Nf3 Nc6 3. Bc4 Nf6 4. 0-0 Bc5 5. d3 h6 6. c3 d6 7. Nbd2 Bd7 8. h3 0-0 9. Re1 Re8 10. b4 Bb6 11. a4 a6 12. Nf1 Be6 13. Qb3 Qd7 14. Be3 Bxe3 15. Nxe3 Bxc4 16. Qxc4 Rac8 17. Reb1 Rcd8 18. Nd5 Nxd5 19. exd5 Ne7 20. Re1 c6 21. dxc6 Qxc6 22. Qxc6 Nxc6 23. b5 Na5 24. Kf1 Rc8 25. c4 Nb3 26. Ra3 Nc5 27. Re3 f6 28. Nd2 Ra8 29. b6 Nd7 30. a5 Rac8 31. Ne4 Rc6 32. Nc3 Rc5 33. Nd5 Rcc8 34. Nc7 Re7 35. d4 Nf8 36. d5 Nd7 37. Rf3 Nc5 38. Rfe3 Nd7 39. Ra2 Nc5 40. Rae2 Rd8 41. f3 Kf7 42. Ke1 Kf8 43. Kd2 Kf7 44. Ke1 Kf8 45. Kf2 Kf7 46. g4 Kf8 47. Kg3 Kf7 48. h4 Kg6 49. f4 Rf8 50. Ne6 Nxe6 51. dxe6 Rxe6 52. f5+ Kf7 53. fxe6+ Kxe6 54. Rc2 Rc8 55. Rec3 Rc5 56. Ra2 d5 57. cxd5+ Rxd5 58. Rc7 Rd7 59. Rxd7 Kxd7 60. Kf3 Kd6 61. Ke4 Kc6 62. Rb2 Kc5 63. Rc2+ Kb5 64. Rc7 Kxa5 65. Rxb7 Kb5 66. Rxg7 Kxb6 67. Rg6 1-0

[Event "AUT-ch U10"]
[Site "Velden"]
[Date "2014.06.21"]
[Round "4"]
[White "Lemsitzer, Simon"]
[Black "Strobl, Samuel"]
[Result "0-1"]
[WhiteElo "1219"]
[BlackElo "1370"]
[PlyCount "119"]
[EventDate "2014.06.20"]
[EventType "swiss"]
[EventRounds "7"]
[EventCountry "AUT"]
[SourceTitle "EXT 2016"]
[Source "ChessBase"]
[SourceDate "2015.10.08"]
[SourceVersion "1"]
[SourceVersionDate "2015.10.08"]
[SourceQuality "1"]

1. e4 c5 2. Nf3 e6 3. d4 cxd4 4. Nxd4 Nc6 5. Nc3 Qc7 6. Be3 a6 7. Nxc6 bxc6 8. Bd3 Nf6 9. f3 d5 10. exd5 cxd5 11. Bf2 Bb4 12. Qd2 0-0 13. a3 Bd6 14. Ne2 Rb8 15. Qc3 Qxc3+ 16. bxc3 e5 17. Bg3 Rb6 18. 0-0 Be6 19. Nc1 Bc5+ 20. Bf2 Bxf2+ 21. Rxf2 e4 22. fxe4 dxe4 23. Bf1 Nd5 24. Ne2 Rc8 25. Nd4 Rxc3 26. a4 e3 27. Rf3 Bg4 28. Rg3 Bh5 29. Bd3 Bg6 30. Rg5 Bxd3 31. Rxd5 h6 32. Rd8+ Kh7 33. cxd3 Rxd3 34. Nc6 Rxd8 35. Nxd8 Kg8 36. a5 Rd6 37. Nb7 Re6 38. Nc5 Rc6 39. Nd3 f5 40. Kf1 f4 41. Ke2 g5 42. Rc1 Rd6 43. Rc8+ Kg7 44. Rc7+ Kg6 45. Ne5+ Kf5 46. Rc5 Ke4 47. Nc4 Kd4 48. Nxd6 Kxc5 49. Nb7+ Kb5 50. Nd6+ Kxa5 51. Nc4+ Kb4 52. Nb2 a5 53. Nd3+ Kb3 54. Nc5+ Ka3 55. Ke1 a4 56. Nxa4 Kxa4 57. Ke2 Kb4 58. g3 Kc4 59. gxf4 gxf4 60. h4 0-1

[Event "Styrian op U08/12 20th"]
[Site "Mureck"]
[Date "2013.08.08"]
[Round "9"]
[White "Lemsitzer, Simon"]
[Black "Lackner, Lorenz"]
[Result "1-0"]
[WhiteElo "956"]
[BlackElo "1139"]
[PlyCount "145"]
[EventDate "2013.07.31"]
[EventType "swiss"]
[EventRounds "9"]
[EventCountry "AUT"]
[SourceTitle "EXT 2015"]
[Source "ChessBase"]
[SourceDate "2014.11.20"]
[SourceVersion "1"]
[SourceVersionDate "2014.11.20"]
[SourceQuality "1"]

1. e4 c5 2. Nf3 Nc6 3. Bc4 e5 4. 0-0 d6 5. Nc3 Bg4 6. Be2 Qf6 7. Nd5 Qd8 8. h3 Bh5 9. d3 h6 10. Be3 Nge7 11. c4 Nxd5 12. cxd5 Nb4 13. a3 Na6 14. Nh2 Bxe2 15. Qxe2 Qb6 16. b4 Rc8 17. Rfc1 Rc7 18. Qc2 Qb5 19. bxc5 Kd7 20. c6+ bxc6 21. dxc6+ Rxc6 22. Qxc6+ Qxc6 23. Rxc6 Kxc6 24. Bxa7 Nc5 25. Rc1 d5 26. exd5+ Kxd5 27. Bxc5 Bxc5 28. a4 Ra8 29. Ra1 Kd4 30. Nf3+ Kd5 31. Kf1 e4 32. dxe4+ Kxe4 33. Ke2 Kd5 34. Nd2 Bd4 35. Ra2 Bc3 36. Kd3 Bd4 37. Ne4 Re8 38. Nc3+ Kc5 39. Nb5 Rd8 40. Rc2+ Kd5 41. Nxd4 Ke5 42. Rc5+ Kd6 43. Kc4 Ra8 44. Nb5+ Kd7 45. Kb4 Rb8 46. Rc7+ Kd8 47. a5 Rxb5+ 48. Kxb5 Kxc7 49. a6 Kb8 50. Kb6 f5 51. a7+ Ka8 52. Kc7 Kxa7 53. Kd7 Kb7 54. Ke6 Kc6 55. Kxf5 Kd5 56. g4 g5 57. Kg6 Ke6 58. Kxh6 Kf6 59. Kh5 Kg7 60. Kxg5 Kf7 61. f4 Kg7 62. h4 Kf7 63. Kh6 Kg8 64. Kg6 Kh8 65. Kf7 Kh7 66. f5 Kh6 67. f6 Kh7 68. Ke8 Kg6 69. f7 Kh7 70. f8Q Kg6 71. h5+ Kh7 72. h6 Kg6 73. Qg7# 1-0